| 000 | 00594nam a2200193Ia 4500 | ||
|---|---|---|---|
| 008 | 140626s9999 xx 000 0 und d | ||
| 100 | _aLopez, Ruth. | ||
| 245 |
_aPsychometric evaluation of the surrogate decision making self-efficacy scale / _cRuth Lopez ... [et al.]. |
||
| 260 | _cc2013. | ||
| 300 | _a6 : 1, page 71 | ||
| 440 | _aResearch in Gerontological Nursing | ||
| 521 | _aNUR | ||
| 650 | _aDecision making. | ||
| 650 | _aPersonality inventory. | ||
| 650 | _aPsychometric evaluation in surrogacy. | ||
| 650 | _aSelf-efficacy scale. | ||
| 650 | _aSurrogacy. | ||
| 942 | _cSE | ||
| 999 |
_c121454 _d121454 |
||